| 000 | 01211cam a22003131 4500 | ||
|---|---|---|---|
| 001 | 14601 | ||
| 003 | BD-RjUL | ||
| 005 | 20211208235646.0 | ||
| 008 | 140206s1961 nyua b 001 0 eng | ||
| 035 | _a(BD-RjUL)14654 | ||
| 040 |
_aDLC/ICU _cICU _dDLC _dBD-RjUL _beng |
||
| 041 | _aeng | ||
| 082 | 0 | 0 |
_a537.5 _bFOU |
| 245 | 1 | 0 |
_aFoundations of future electronics / _cA.R. von Hippel [and others] Edited by David B. Langmuir [and] W.D. Hershberger. |
| 260 |
_aNew York : _bMcGraw-Hill, _c1961. |
||
| 300 |
_aix, 514 p. _billus. _c24 cm. |
||
| 490 | 1 | _aUniversity of California. Engineering and sciences extension series | |
| 500 | _a"Lectures ... presented in 1959-1960 under the auspices of University Extension in four locations in the State of California." | ||
| 504 | _aIncludes bibliographies and index. | ||
| 650 | 0 |
_aElectrons. _945513 |
|
| 650 | 0 |
_aMatter _xConstitution. _925294 |
|
| 650 | 0 |
_aElectronics. _945514 |
|
| 700 | 1 |
_aHershberger, W. D. _q(William Delmar), _d1903- _ejoint ed. _945515 |
|
| 700 | 1 |
_aLangmuir, David B., _945516 |
|
| 830 | 0 |
_aUniversity of California engineering and sciences extension series. _945523 |
|
| 942 |
_2ddc _cBK |
||
| 999 |
_c14601 _d14601 |
||